00390nam a22001337a 450000500170000000800410001704100120005808200130007010000130008324500420009626000590013830000330019765000260023020240610073152.0240610b |||||||| |||| 00| 0 eng d aEnglish a349 LAW  lEnglish  aThe All England Law Reports: Reprint  aLondon: bButteroworth and Co. Publishers Ltd, c1938  bxxviii, 818 pages; c25 cm.  aLegal practice bLaw